| 000 | 00916nam a2200277 a 4500 | ||
|---|---|---|---|
| 001 | 68195 | ||
| 003 | BD-RjUL | ||
| 005 | 20211209081736.0 | ||
| 008 | 030708r20052004maua b 001 0 eng | ||
| 020 | _a8173196745 | ||
| 035 | _a(BD-RjUL)68405 | ||
| 040 |
_aDLC _cDLC _dDLC _dBD-RjUL _beng |
||
| 041 | _aeng | ||
| 082 | 0 | 0 |
_223 _a518.1 _bNEF 2005 |
| 100 | 1 |
_aNeapolitan, Richard E. _9202157 |
|
| 245 | 1 | 0 |
_aFoundations of algorithms using C++ pseudocode / _cRichard E. Neapolitan, Kumarss Naimipour. |
| 250 | _a3rd ed. | ||
| 260 |
_aSudbury, Mass. : _bJones and Bartlett, _cc2004 [reprnted 2005] |
||
| 300 |
_axv, 617 p. : _bill. ; _c24 cm. |
||
| 504 | _aIncludes bibliographical references (p. [599]-603) and index. | ||
| 650 | 0 |
_aAlgorithms. _9202158 |
|
| 650 | 0 |
_aConstructive mathematics. _9202159 |
|
| 650 | 0 |
_aComputational complexity. _9162614 |
|
| 700 | 1 |
_aNaimipour, Kumarss. _9202160 |
|
| 942 |
_2ddc _cBK |
||
| 999 |
_c68195 _d68195 |
||